As fadas falam-nos de ... generosidade (Registo nº 4624)

Detalhes MARC
000 -Etiqueta do registo
Cabeçalho 00694nam0a2200229 4500
005 - Identificador da versão
Campo de controlo 20240813122106.0
010 ## - Número internacional normalizado dos livros (ISBN)
Número (ISBN) 9789726594215
100 ## - Dados gerais de processamento
Dados gerais de processamento 20170526d2008 c y0pory5003 ba
102 ## - Pais de publicação ou produção
País de publicação Portugal
101 1# - Língua de publicação
Língua do texto, banda sonora, etc. Português
Língua do documento no original Espanhol
215 ## - Descrição física 
Indicação específica da natureza do documento e extensão da espécie 35, [1] p.
Outras indicações físicas il. color
200 1# - Titulo e menção de responsabilidade
Título próprio As fadas falam-nos de ... generosidade
Primeira menção de responsabilidade Rosa M. Curto
Outras menções de responsabilidade [il.] Aleix Cabrera
210 ## - Publicação, Distribuição, etc. 
Lugar da edição, distribuição, etc. Vila Nova de Gaia
Nome do editor, distribuidor, etc. Ed. Educação Nacional
Data da publicação, distribuição, etc. 2008
606 ## - Nome comum usado como assunto
Número de registo de entrada de autoridade 0001466
Palavra de ordem Literatura espanhola
Subdivisão de assunto Conto
Código do sistema CA
675 ## - Classificação Decimal Universal (CDU)
Notação 821.134.2-34
Edição 3ª ed.
Língua da edição por
702 #1 - Nome de autor-pessoa física (responsabilidade secundária)
Número de registo de entrada de autoridade 0001919
Palavra de ordem Cabrera
Outra parte do nome não tomada para palavra de ordem Aleix
Código de função Ilustrador / Técnico de desenho computorizado
700 #1 - Nome de autor-pessoa física (responsabilidade principal)
Número de registo de entrada de autoridade 0000933
Palavra de ordem Curto
Outra parte do nome não tomada para palavra de ordem Rosa Maria
966 ## - Identificação da Biblioteca
Sigla EBVEN
942 ## - Elementos de entrada adicionados (Koha)
Tipo de item no Koha Livro
Exemplares
Situação do levantamento Origin of item (home branch) (coded) Biblioteca de empréstimo Código de barras Cota Circulation type (not for loan) Tipo de documento Nota do exemplar Damaged status
  Biblioteca Escolar das Vendas Biblioteca Escolar das Vendas BEV2122 8EST CUR   Livro Sem mensagem